[Event "Olympiad-40"]
[Site "Istanbul"]
[Date "2012.08.31"]
[Round "4.4"]
[White "Swiercz, Dariusz"]
[Black "Moiseenko, Alexander"]
[Result "1-0"]
[WhiteElo "2594"]
[BlackElo "2706"]
[Annotator "Krasenkow,M"]
[PlyCount "95"]
[EventDate "2012.08.28"]
[EventType "team-swiss"]
[EventRounds "11"]
[EventCountry "TUR"]
[SourceTitle "CBM 151"]
[Source "ChessBase"]
[SourceDate "2012.11.13"]
[SourceVersion "1"]
[SourceVersionDate "2012.11.13"]
[SourceQuality "1"]
[WhiteTeam "Poland"]
[BlackTeam "Ukraine"]
[WhiteTeamCountry "POL"]
[BlackTeamCountry "UKR"]

1. d4 Nf6 2. c4 e6 3. Nf3 Bb4+ 4. Bd2 Qe7 5. g3 Nc6 6. Nc3 Bxc3 7. Bxc3 Ne4 8.
Qc2 Nxc3 9. Qxc3 O-O 10. Bg2 d6 11. O-O e5 12. d5 Nb8 13. e4 (13. c5 {is more
aggressive.}) 13... a5 (13... c5 14. Ne1 (14. Nd2 Na6 15. a3 Bd7 16. f4 f6 17.
Rfe1 Rab8 18. Bf1 Rfc8 19. f5 {1/2 Gleizerov,E (2485)-Shipov,S/Katowice 1991/
EXT 1997}) 14... Na6 15. Nd3 Bd7 16. f4 f6 17. a4 b6 18. Kh1 Nc7 19. f5 $14 {
1-0 Piket,J (2625)-Adams,M (2660)/London 1995/CBM 049 ext (51)}) (13... f5 14.
exf5 Bxf5 15. Nh4 Bg4 16. Rae1 Nd7 17. f3 g5 18. fxg4 gxh4 19. Be4 a5 20. Bf5
$14 {1-0 Swiercz,D (2248)-Matuszewski,M (2136)/Turawa 2007/EXT 2011 (33)}) (
13... Bg4 14. Nd2 a5 15. b3 Nd7 16. f3 Bh5 17. Bh3 Bg6 18. f4 exf4 19. Bxd7
Qxd7 20. gxf4 f6 21. Kh1 b6 22. Rg1 Rae8 23. f5 Bh5 24. Qh3 Qf7 $11 {1/2
Gyimesi,Z (2531)-Friedman,A (2332)/Groningen 1999/CBM 073 ext (40)}) 14. c5 {
The insertion of e2-e4 a7-a5 is not bad for Black, who now has the c5 square
at his disposal.} (14. Ne1 b6 15. Nd3 Na6 16. f4 {1/2 Banikas,H (2576)-Gareev,
T (2522)/Turin 2006/CBM 113}) (14. Nd2 Nd7 15. b3 c6 16. a3 cxd5 17. cxd5 b5
18. b4 a4 19. Qe3 Nf6 20. Rfc1 Bd7 21. Rc7 Rfc8 22. Rac1 Qd8 $11 {0-1
Mikhailov,V (2355)-Khasin,A (2485)/Kemerovo 1995/CBM 049 ext (48)}) 14... Nd7
$6 $146 {[%csl Rc8]} (14... Bg4 15. Rfc1 Na6 16. cxd6 cxd6 17. Nd2 Qd8 18. Qe3
(18. Bf1 $5) 18... b5 19. a3 Bd7 20. b3 Qb8 21. h4 Qa7 22. Qxa7 Rxa7 23. Bf1
Rb8 24. f3 Kf8 $11 {1/2 Dautov,R (2595)-Benjamin,J (2580)/Cologne 1997/EXT
1999 (47)}) 15. cxd6 cxd6 16. Rfc1 $1 (16. Qc7 Rd8 17. Rfc1 Kf8 18. Rc2 f6 {
[%cal Yd7c5]}) 16... Re8 (16... f6 17. Nd2 Nc5 18. Nc4) (16... Nc5 $5 17. Nxe5
{(that's the idea behind 16.Rfc1)} Bh3 $5 18. Bxh3 Nxe4 19. Qd4 Qxe5 20. Qxe5
dxe5 21. Re1 Ng5 22. Bg2 f6 23. Rac1 Rfc8 24. h4 Nf7 25. Bh3 $14) 17. Nd2 b6 {
Black still needs preparation to play ...Nd7-c5. Finally he will not be able
to make that important move.} (17... Nc5 18. Nc4 {[%cal Rc4a5,Rc4d6]}) 18. Qa3
Ba6 ({if now} 18... Nc5 {then} 19. b4) 19. Rc6 Bb5 $2 {An oversight, after
which White simply wins a pawn.} (19... Nc5 $142 {(finally!)} 20. Rxb6 Qd8 21.
Rc6 Bb5 22. Rxc5 dxc5 23. Qxc5 $14) 20. Rc7 $2 {White believes his opponent,
which is wrong!} (20. Rxd6 Rab8 (20... Reb8 21. Rxb6 $1) (20... Rec8 21. Bh3
Rc2 22. Nf3) 21. Bf1 Bxf1 22. Kxf1 Rec8 23. Rc6 {with a healthy, strong extra
pawn.}) 20... Qg5 $2 {But Black consequently wants to lose a pawn!} (20... Rec8
$1 21. Rac1 Rxc7 22. Rxc7 Qg5 {was correct, and White has no decisive
continuation, e.g.} 23. Nf3 (23. Nc4 $2 Nc5 {[%cal Rg5d8,Rg5c1]}) 23... Qf6 24.
Qb3 (24. Bf1 Bxf1 25. Rxd7 Bh3 26. Rc7 (26. Rxd6 $2 Rc8) 26... b5 $14) 24...
Qd8 25. Rc2 Ba6 26. Rc6 Rc8 27. Bf1 Bxf1 28. Kxf1 Rxc6 $1 29. dxc6 Nb8 30. Qd5
Qc7 31. Ng5 $8 Nxc6 32. Nxf7 Qxf7 33. Qxc6 h6 $14 {_|_}) 21. Nc4 $1 {This is
now possible as Black has no check on c1!} Bxc4 22. Rxd7 Qd2 23. Rxd6 b5 24. b3
Bd3 25. Rc6 Qe2 26. Qc5 Bxe4 27. Bxe4 Qxe4 28. Qxb5 $16 Qd4 29. Rac1 Red8 (
29... e4 $5 30. R6c4 Qd2 31. R4c2 Qg5 {[%cal Ye4e3] trying to create
counterplay.}) 30. R6c5 h5 31. Qc4 Qd2 32. Rc2 Qb4 33. Re2 f6 34. Rc6 Kh7 {
This allows a nice finale but Black's position was gloomy anyway.} (34... Qxc4
35. bxc4 Rac8 36. Rxc8 Rxc8 37. Rc2 $18 {[%csl Gc4,Gd5]}) 35. Qd3+ Kg8 (35...
Kh8 36. Re4 Qf8 37. Ra4 {[%csl Ra5,Rh5]}) 36. Rxf6 $1 {[%mdl 64]} gxf6 (36...
Qb7 37. Qg6 Rxd5 38. Re1 Qd7 39. Rf5 {, and White wins a second pawn.}) 37.
Qg6+ Kf8 38. Qxf6+ Kg8 39. Rxe5 Qg4 40. Rg5+ Qxg5 41. Qxg5+ Kf8 42. Qf6+ Kg8 (
42... Ke8 43. Qe6+ Kf8 44. d6 Ra7 45. Qf6+ Ke8 46. Qh8+ $18) 43. d6 {This pawn
and the queen tie up Black's rooks, and White's other pawns decide the game.}
h4 {Desperation.} 44. Qe6+ Kf8 45. Qe7+ Kg8 46. d7 h3 47. f4 a4 48. b4 1-0

[Event "Olympiad-32"]
[Site "Yerevan"]
[Date "1996.09.28"]
[Round "12.1"]
[White "Krasenkow, Michal"]
[Black "Bogdanovski, Vlatko"]
[Result "1-0"]
[WhiteElo "2605"]
[BlackElo "2460"]
[Annotator "Krasenkow,M"]
[PlyCount "81"]
[EventDate "1996.09.15"]
[EventType "team-swiss"]
[EventRounds "14"]
[EventCountry "ARM"]
[SourceTitle "CBM 055"]
[Source "ChessBase"]
[SourceDate "1996.12.01"]
[SourceVersion "1"]
[SourceVersionDate "1996.12.01"]
[SourceQuality "1"]
[WhiteTeam "Poland"]
[BlackTeam "Macedonia"]
[WhiteTeamCountry "POL"]
[BlackTeamCountry "MKD"]

1. d4 Nf6 2. c4 e6 3. Nf3 Bb4+ 4. Nbd2 b6 5. a3 Bxd2+ 6. Bxd2 Bb7 7. Bg5 d6 8.
e3 Nbd7 9. Qc2 Qe7 10. Rd1 h6 11. Bh4 a5 12. b3 Rc8 (12... e5 $5) 13. Be2 (13.
b4 $5) 13... g5 14. Bg3 h5 15. h4 g4 16. Ng5 Bxg2 17. Rg1 Bb7 18. b4 axb4 19.
axb4 Rg8 (19... e5 20. c5 bxc5 21. bxc5 dxc5 22. Bc4 (22. Qb2 $16) 22... Rf8
23. Qb2 $16) 20. Ra1 $6 (20. c5 bxc5 21. dxc5 dxc5 22. Bb5 cxb4 $13 (22... Kf8
23. Nh7+ Kg7 24. Rxd7 Nxd7 25. Bxd7 Qxd7 26. Be5+ $18 Kh6 27. Nf6) 23. Nh7 $140
c6) 20... Ra8 $1 21. Rxa8+ Bxa8 22. Kd2 $6 (22. Kd1) 22... Rxg5 $1 23. hxg5
Ne4+ 24. Ke1 $1 Nxg3 25. Rxg3 Qxg5 26. e4 $1 Qf4 (26... f5 $13) 27. d5 Nf6 $1
28. Ra3 (28. Qa4+ $2 Ke7 29. Qxa8 (29. Re3 g3) 29... Nxe4 30. Rd3 Qxf2+ 31. Kd1
g3 $19) (28. Re3 Ke7 $13) 28... Bb7 29. c5 (29. Ra7 g3 $1 30. fxg3 Qxg3+ $13)
29... dxc5 (29... Nxe4 30. Bb5+ Kd8 31. cxb6 cxb6 32. Bc6 $1) 30. bxc5 Nxe4 (
30... bxc5 $13) 31. Bb5+ Ke7 $2 (31... Kf8 $1 32. cxb6 cxb6 33. Bc6 Bxc6 34.
dxc6 Nc5) 32. cxb6 cxb6 33. Bc6 $1 Nc5 (33... Bxc6 34. dxc6 Nc5 35. Ra7+) 34.
Bxb7 Nxb7 (34... Qb4+ 35. Qc3 Qb1+ 36. Ke2 Qb5+ 37. Ke3 Nxb7 38. Ra7 Qxd5 39.
Qc7+ Kf6 40. Qxb7 Qc5+ $10) 35. Ra7 Qb8 36. Qa2 Kf6 (36... Kd6 $5) 37. dxe6 $6
fxe6 $6 38. Qb2+ Kf5 $4 (38... Kg6 39. Qb1+ Kh6 40. Qxb6 Qe5+ 41. Kf1 Nd6 42.
Qd8 Nf5 $10) 39. Qxb6 Qe5+ 40. Kf1 Nd6 41. Ra5 1-0

[Event "EU-Cup 18th"]
[Site "Kallithea"]
[Date "2002.09.28"]
[Round "7.3"]
[White "Lautier, Joel"]
[Black "Zvjaginsev, Vadim"]
[Result "1-0"]
[WhiteElo "2663"]
[BlackElo "2673"]
[Annotator "Lautier,J"]
[PlyCount "105"]
[EventDate "2002.09.22"]
[EventType "team-swiss"]
[EventRounds "7"]
[EventCountry "GRE"]
[SourceTitle "CBM 092"]
[Source "ChessBase"]
[SourceDate "2003.02.06"]
[SourceVersion "1"]
[SourceVersionDate "2003.02.06"]
[SourceQuality "1"]
[WhiteTeam "Paris NAO"]
[BlackTeam "Norilsk Nikel"]
[WhiteTeamCountry "FRA"]
[BlackTeamCountry "RUS"]

1. d4 Nf6 2. c4 e6 3. Nf3 Bb4+ 4. Bd2 Bxd2+ 5. Qxd2 O-O 6. g3 d5 7. Bg2 Nbd7 8.
O-O c6 9. Qc2 Qe7 10. Nbd2 e5 11. cxd5 (11. dxe5 Nxe5 12. Nxe5 Qxe5 13. cxd5
cxd5 $5) 11... Nxd5 (11... e4 $2 12. d6 $16) (11... cxd5 12. e4 $5 exd4 (12...
dxe4 13. Nxe4 exd4 14. Rfe1 $14) 13. exd5 (13. Rfe1 $6 d3 $1 14. Qxd3 Nc5)
13... Nxd5 14. Rfe1 Qf6 (14... Qb4 15. a3 Qb6 16. Nc4 Qf6 17. Qe4 $14) 15. Ne4
Qb6 16. Qc4 (16. Qd2 Nb4 17. a3 (17. Nxd4 Ne5 $11) 17... Nc6 18. Nd6 Nf6 $11)
16... Nb4 (16... N7f6 17. Qxd4 Qxd4 18. Nxd4 Nxe4 19. Rxe4 $14) 17. Rad1 d3 18.
Rd2 $14) 12. dxe5 (12. e4 $142 N5f6 (12... Nb4 13. Qc3 exd4 14. Nxd4 Nb6 (14...
Qc5 15. Rfd1 $14 Qxc3 16. bxc3 Na6 17. Nc4 $36) 15. a3 Na6 16. b4 Rd8 17. N2b3
$14) 13. Rfe1 (13. Nc4 exd4 14. Nxd4 Ne5 15. Ne3 Rd8 16. Rad1 $14) 13... Rd8
14. Rad1 $14) 12... Nxe5 13. Nxe5 Qxe5 14. Nc4 Qe7 15. a3 Be6 16. b4 Rac8 {
/\ c5} (16... Rad8 $142 {/\ Bc8, Rfe8}) 17. Rfd1 Nf6 (17... Rfd8 18. e4 Nb6 19.
Na5 f6 (19... c5 $2 20. Rxd8+ $16) (19... Rxd1+ 20. Rxd1 c5 $2 21. bxc5 Rxc5
22. Qxc5 Qxc5 23. Rd8+ Qf8 24. Nxb7 $16) 20. Qc5 Qf7 $14) 18. e4 (18. Na5 $6
Bd5 $11) 18... Bxc4 19. Qxc4 Rcd8 (19... c5 20. Rac1 b6 21. f4 $14) (19... Rfd8
$142 20. Qc5 $5 (20. Rd4 Rxd4 21. Qxd4 c5 22. bxc5 Qxc5 23. Qxc5 Rxc5 24. Rd1
Kf8 25. f4 b6 $11) 20... Qxc5 21. bxc5 Kf8 (21... Re8 22. Rab1 Rc7 (22... Nxe4
$2 23. Bxe4 Rxe4 24. Rxb7 Ra4 25. Rdd7 Rf8 26. Rxa7 $16) 23. f4 Nd7 24. Rdc1 f6
$14) 22. e5 Nd5 23. Rab1 Rc7 24. Rb3 Ke7 $14) 20. Rd4 $1 (20. Qc5 Qxc5 21. bxc5
Nd7 $132) 20... Ng4 (20... Rxd4 21. Qxd4 {>< a7} a6 22. Rd1 $14) (20... Qe6 21.
Qd3 (21. Qxe6 $6 fxe6 22. Rad1 (22. Rxd8 Rxd8 23. e5 Ng4 $11) 22... Rxd4 23.
Rxd4 e5 $11) 21... Rxd4 22. Qxd4 a6 23. Rd1 $14) (20... b5 21. Qc3 Rxd4 22.
Qxd4 Rd8 23. Qc3 (23. Qe3 Ng4 24. Qc3 Ne5 $132) 23... Nxe4 24. Qxc6 $14) 21.
Rad1 Qf6 22. R1d2 g5 (22... Ne5 23. Qc3 Rxd4 24. Rxd4 $14) 23. Qc5 (23. h3 Ne5
24. Qc3 Rxd4 25. Rxd4 h5 $14) 23... Rxd4 $6 (23... b6 24. Qf5 (24. Qc3 $5 $14)
24... Qxf5 25. exf5 Rxd4 26. Rxd4 Ne5 27. f4 gxf4 28. gxf4 c5 29. bxc5 bxc5 30.
Rd5 Ng4 31. Bf3 Nf6 32. Rxc5 $14) 24. Qxd4 Qxd4 25. Rxd4 $16 Re8 (25... Ne5 26.
f4 gxf4 27. gxf4 Ng6 28. e5 Re8 29. Kf2 $16) 26. Rd7 b5 27. f4 $1 (27. Rxa7 Rd8
28. Bh3 Ne5 (28... h5 $16) 29. Re7 Nc4 (29... Rd1+ 30. Kg2 Nc4 31. Bd7 Rd6 32.
e5 Nxe5 33. Rxe5 Rxd7 34. Rxg5+ Kf8 $16) 30. Rc7 (30. Bd7 $4 Kf8 $19) 30... Rd6
$16) 27... Ne3 (27... Nf6 28. Rd4 gxf4 29. gxf4 $16) 28. Bf3 g4 29. Kf2 gxf3
30. Kxe3 f2 31. Rd1 c5 (31... a5 32. Rf1 (32. bxa5 Ra8 33. Kxf2 Rxa5 34. Rd3
$16) 32... axb4 33. axb4 Ra8 34. Rxf2 Ra3+ 35. Kd4 Rb3 36. Kc5 Rc3+ 37. Kd6 $16
) 32. bxc5 Rc8 33. Kxf2 Rxc5 34. Ke3 a5 35. Rd5 Rc3+ 36. Rd3 Rc4 37. Rb3 a4 38.
Rxb5 Rc3+ 39. Kd4 Rxa3 40. Ke5 $1 Kg7 41. Kf5 Ra2 42. h4 Rg2 43. g4 a3 44. Ra5
a2 45. Kg5 $3 $18 {/\ e5, f5; /\ 45...h6 46.Kh5 >< h6.} (45. g5 Rh2 46. Kg4 h6
$1 $16) (45. e5 h6 $1 $16 {/\ Rh2} (45... Rh2 $2 46. Kg5 $18) 46. Ra7 Rf2 $16)
45... h6+ 46. Kh5 Re2 47. e5 Re4 48. f5 Rxe5 49. Rxa2 Re7 50. f6+ $1 (50. Ra6
$4 f6 51. g5 hxg5 52. hxg5 Rf7 $1 $11) 50... Kxf6 51. Kxh6 Re4 52. g5+ Ke6 53.
Ra6+ (53. Ra6+ Ke7 54. Kg7 Rxh4 55. Rf6 $18) 1-0

[Event "Moscow FIDE GP"]
[Site "Moscow"]
[Date "2017.05.21"]
[Round "9"]
[White "Gelfand, Boris"]
[Black "Ding, Liren"]
[Result "0-1"]
[WhiteElo "2724"]
[BlackElo "2773"]
[Annotator "Lenderman,A"]
[PlyCount "70"]
[EventDate "2017.05.12"]
[EventType "swiss"]
[EventRounds "9"]
[EventCountry "RUS"]
[SourceTitle "CBM 179"]
[Source "ChessBase"]
[SourceDate "2017.07.12"]
[SourceVersion "1"]
[SourceVersionDate "2017.07.12"]
[SourceQuality "1"]

{Hello everyone! This is GM Aleksandr Lenderman presenting you the final Game
of the Day of Moscow Grand Prix! And the choice is easy here. The fight for
first place ended with Ding Liren winning a decisive game against Boris
Gelfand. So, without further ado, let's get to it.} 1. d4 Nf6 2. c4 e6 3. g3 d5
4. Bg2 Bb4+ 5. Bd2 Be7 6. Nf3 O-O 7. O-O Nbd7 8. a4 a5 9. Qc2 c6 10. Na3 Ne4 $5
{A very rare move already. In an earlier game betwen Gelfand and Tomashevsky,
10...Bd6 was played and Black had to suffer a bit before eventually getting a
draw.} (10... Bd6 11. Ne1 Qe7 12. Nd3 e5 13. cxd5 Nxd5 14. Bxd5 cxd5 15. Nb5 e4
16. Nf4 Nf6 17. Rfc1 {Gelfand-Tomashevsky Moscow Grand Prix} (17. Qb3 $5 {
was maybe an improvement.})) 11. Bf4 $146 {The only other game I could find
after 10...Ne4 in my database was with 11.Be3!? in a game between two very
strong players.} (11. Be3 f5 12. Ne1 g5 13. f3 Nd6 14. Nd3 Qe8 15. c5 Nf7 {
Hertneck,G (2572)-Bareev,E (2719) Germany 2002, was a very complex battle.})
11... g5 {The typical logical follow-up after the ...Ne4 idea is to play on
the kingside.} 12. Be3 (12. Bc1 $5) 12... f5 13. Rad1 Bf6 14. Nb1 Qe7 {I think
Black is already happy here. He has got a very interesting unbalanced position
for Black with play for 3 results. And Ding is extremely good in positions
like this too.} 15. Nc3 b6 16. Ne5 $5 {A very interesting, ambitious move, and
probably not the only one.} (16. b3 $5) 16... Nxe5 17. dxe5 Bxe5 18. Bxb6 Qb4 {
Not the only move in the position but the most direct.} (18... Nxc3 19. bxc3
Ba6 20. cxd5 cxd5 21. Bxa5 Rfc8 $44 {was also a possible sample line.}) (18...
Bxc3 19. bxc3 Ba6 20. Bxe4 $14) (18... Ra6 19. Bd4 Bxd4 20. Rxd4 {is also
roughly equal.}) 19. Nxe4 fxe4 20. cxd5 $2 {So far both sides have played good
precise and principled chess. However, now, Gelfand seems to miscalculate or
misevaluate something because he doesn't quite seem to have enough for the
sacrificed material. Sometimes last rounds can be tricky even for the most
experienced players. Gelfand was probably really hoping to win this game to
tie for 1st since the difference between tying for first and tying for 3rd in
a massive tie is huge in terms of Grand Prix points. So maybe he decided to
take a gamble in this game he normally wouldn't have. It didn't work in his
favour in this game though.} (20. Be3 Qxb2 21. Qxb2 Bxb2 22. Bxg5 Ba6 23. cxd5
(23. Rd2 {This first might be a bit more accurate though.} Bc3 24. Rc2 {
and no more Rac8}) 23... cxd5 (23... Bxe2 $2 24. dxc6 $16) 24. Rd2 $15 {
seems more or less normal for White and very close to equal.}) 20... Qxb6 21.
Qxe4 Qxb2 (21... Qc7 22. dxe6 Rb8 {is also good for Black, but what Ding did
was better.}) 22. dxc6 Bc7 $17 23. Rd7 Bxd7 24. cxd7 Qf6 $19 {Honestly
speaking I'm not totally sure what exactly Gelfand missed since in each move
Black seemed to have other alternatives to get a good position.} (24... Ra6 {
also wins.}) 25. Bh3 Rab8 26. Qxe6+ Qxe6 27. Bxe6+ {Trying to save things in
the endgame thanks to many pawns for the rook, but White's problem is that
Black's rooks are too active and the d7 pawn isn't going anywhere thanks to
the bishop and rooks stopping it.} Kg7 28. Rc1 Kf6 29. Bg4 Bd8 30. Rc6+ Kg7 31.
Bh5 Rb2 32. Rc8 Rd2 33. Be8 Bb6 34. Rb8 Rf6 35. e3 g4 {And with that, Ding
wins the Moscow Grand Prix clear first. Congratulations to him!
Congratulations also to Shakhriyar Mamedyarov for a very strong clear 2nd
place with +2 and continuing his monstrous form and also now being in
excellent position to get one of the top 2 spots in the overall Grand Prix
standings.} 0-1

[Event "CRO-ch 12th"]
[Site "Opatija"]
[Date "2012.01.19"]
[Round "3"]
[White "Kozul, Zdenko"]
[Black "Palac, Mladen"]
[Result "0-1"]
[WhiteElo "2601"]
[BlackElo "2572"]
[Annotator "Let's Check"]
[PlyCount "106"]
[EventDate "2012.01.17"]
[EventType "tourn"]
[EventRounds "11"]
[EventCountry "CRO"]
[EventCategory "13"]
[SourceTitle "CBM 147"]
[Source "ChessBase"]
[SourceDate "2012.03.16"]
[SourceVersion "1"]
[SourceVersionDate "2012.03.16"]
[SourceQuality "1"]

1. d4 Nf6 2. c4 e6 3. Nf3 Bb4+ 4. Bd2 Qe7 5. g3 Bxd2+ 6. Qxd2 Nc6 7. Nc3 d5 8.
Ne5 dxc4 9. Bg2 Nxe5 10. dxe5 Nd7 11. f4 O-O 12. O-O-O Nb6 13. h4 Rb8 14. h5
Bd7 15. h6 g6 16. Ne4 Ba4 17. Nf6+ Kh8 18. Rdg1 Rfd8 19. Qa5 Rd4 20. Ne4 Bc6
21. Qc5 Qxc5 22. Nxc5 Bxg2 23. Rxg2 Nd5 24. Rf2 b6 25. Na4 Rd8 26. Rf3 Kg8 27.
Re1 f5 28. Nc3 Nxc3 29. Rxc3 c5 30. e3 Rd2 31. Rxc4 Rg2 32. Rc2 Rxg3 33. b4 Rh3
34. bxc5 bxc5 35. Rxc5 Rxh6 36. Rc7 a5 37. Re2 Rh1+ 38. Kb2 Rhd1 39. Re7 Rb8+
40. Ka3 $2 (40. Kc2 Ra1 41. Kd3 $11) 40... Rb4 $19 41. Rb2 Rd3+ 42. Rb3 Rbxb3+
43. axb3 Rxe3 44. Rxe6 Re4 45. Ra6 Rxf4 46. Rxa5 Re4 47. b4 f4 48. b5 Rxe5 49.
Kb4 f3 50. b6 Re1 51. Ra3 f2 52. b7 f1=Q 53. b8=Q+ Qf8+ 0-1

[Event "Gibraltar Masters 10th"]
[Site "Caleta"]
[Date "2012.01.24"]
[Round "1"]
[White "Shirov, Alexei"]
[Black "Lyrberg, Patrik"]
[Result "1/2-1/2"]
[WhiteElo "2710"]
[BlackElo "2435"]
[Annotator "Let's Check"]
[PlyCount "136"]
[EventDate "2012.01.24"]
[EventType "swiss"]
[EventRounds "10"]
[EventCountry "GGB"]
[SourceTitle "CBM 147"]
[Source "ChessBase"]
[SourceDate "2012.03.16"]
[SourceVersion "1"]
[SourceVersionDate "2012.03.16"]
[SourceQuality "1"]

1. d4 Nf6 2. c4 e6 3. Nf3 d5 4. g3 Bb4+ 5. Bd2 Qe7 6. Bg2 Nc6 7. O-O O-O 8. Qc2
Rd8 9. Rd1 dxc4 10. Qxc4 Bxd2 11. Rxd2 e5 12. d5 Nb8 13. e4 b5 14. Qc2 b4 15.
Rd1 c6 16. Nbd2 cxd5 17. exd5 Bb7 18. Ng5 Na6 19. Nc4 Qc5 20. Ne4 Nxe4 21. Qxe4
f6 22. Rac1 Qb5 23. Ne3 Rac8 24. Qf5 Qd7 25. Qe6+ Kf8 26. Bh3 Qxe6 27. Bxe6 Rc7
28. h4 g6 29. h5 f5 30. hxg6 hxg6 31. Nc4 e4 32. f4 exf3 33. Ne3 Ke7 34. Nc4
Kf6 35. Na5 Ba8 36. Nb3 g5 $2 (36... Rh8 37. g4 Rch7 $19) 37. Kf2 $2 (37. g4 f4
38. Nd2 $15) 37... g4 $19 38. Rh1 Rxc1 39. Rxc1 Bb7 40. Ke3 Ke5 41. Nd4 Bxd5
42. Bxf5 Bb7 43. Rc4 Rxd4 44. Rxd4 Kxf5 45. Rf4+ Ke5 46. Rxg4 Nc7 47. Rg5+ Kd6
48. Ra5 a6 49. g4 Nb5 50. g5 Ke6 51. Ra4 Nd4 $5 52. Kf2 Nc2 53. Ra5 b3 54. axb3
Nb4 55. Ke3 Nc2+ 56. Kf2 Nd4 57. Rc5 Nb5 58. b4 Nd6 59. Rc7 Kf5 60. Rd7 Ke6 61.
Rc7 Kf5 62. Rd7 Ne4+ 63. Kxf3 Nc5+ 64. Rxb7 Nxb7 65. g6 Kxg6 66. Ke4 Kf6 67.
Kd5 Ke7 68. Kc6 Nd6 1/2-1/2

[Event "CRO-ch 12th"]
[Site "Opatija"]
[Date "2012.01.17"]
[Round "1"]
[White "Jankovic, Alojzije"]
[Black "Palac, Mladen"]
[Result "0-1"]
[WhiteElo "2568"]
[BlackElo "2572"]
[Annotator "Let's Check"]
[PlyCount "120"]
[EventDate "2012.01.17"]
[EventType "tourn"]
[EventRounds "11"]
[EventCountry "CRO"]
[EventCategory "13"]
[SourceTitle "CBM 147"]
[Source "ChessBase"]
[SourceDate "2012.03.16"]
[SourceVersion "1"]
[SourceVersionDate "2012.03.16"]
[SourceQuality "1"]

1. d4 e6 2. c4 Bb4+ 3. Nd2 c5 4. a3 Bxd2+ 5. Qxd2 cxd4 6. Nf3 Nf6 7. Nxd4 O-O
8. e3 d5 9. b3 e5 10. Nf3 Nc6 11. Bb2 Re8 12. Be2 Bg4 13. h3 Bxf3 14. gxf3 dxc4
15. Qxd8 Raxd8 16. Bxc4 Na5 17. Bb5 Re6 18. b4 a6 19. Be2 Nc6 20. Rd1 Red6 21.
Rxd6 Rxd6 22. Bc4 b5 23. Bb3 Nd7 24. Ke2 Kf8 25. Rg1 g6 26. h4 h5 27. Rc1 Ke7
28. Rc2 f6 29. Rc1 Nb6 30. Rg1 f5 31. Rc1 Nd7 32. Ba2 Nb6 33. Ba1 Nd7 34. f4
exf4 35. exf4 Kd8 36. Ke3 Ke7 37. Rg1 Nf6 38. f3 Nd7 39. Bb2 Kf8 40. Ke2 Ke7
41. Rc1 Ke8 42. Bd5 Nxb4 43. axb4 Rxd5 44. Rc6 a5 45. Rc8+ Kf7 46. bxa5 b4 47.
Ra8 b3 48. a6 Rc5 49. a7 Rc2+ 50. Kd3 Rxb2 51. Rb8 Nc5+ 52. Ke3 Ra2 53. a8=Q
Rxa8 54. Rxa8 Ke6 55. Kd4 Kd6 56. Rd8+ Kc7 57. Rd5 $4 (57. Re8 Ne4 58. Re7+ $14
) 57... b2 $19 58. Rxc5+ Kb6 59. Rc3 b1=Q 60. Rb3+ Qxb3 0-1

[Event "Gibraltar Masters 10th"]
[Site "Caleta"]
[Date "2012.01.25"]
[Round "2"]
[White "Mamedyarov, Shakhriyar"]
[Black "Nabaty, Tamir"]
[Result "1-0"]
[WhiteElo "2747"]
[BlackElo "2563"]
[Annotator "Let's Check Training"]
[PlyCount "53"]
[EventDate "2012.01.24"]
[EventType "swiss"]
[EventRounds "10"]
[EventCountry "GGB"]
[SourceTitle "CBM 147"]
[Source "ChessBase"]
[SourceDate "2012.03.16"]
[SourceVersion "1"]
[SourceVersionDate "2012.03.16"]
[SourceQuality "1"]

1. d4 Nf6 2. c4 e6 3. Nf3 Bb4+ 4. Bd2 Qe7 5. a3 Bxd2+ 6. Qxd2 d5 7. Nc3 O-O 8.
e3 Nbd7 9. cxd5 exd5 10. Bd3 c5 11. O-O c4 12. Bc2 Rb8 13. Rfe1 Qd6 14. Ng5 Ng4
15. Bxh7+ Kh8 16. f4 f5 17. h3 Nh6 18. Qf2 Rf6 19. g4 g6 $2 (19... fxg4 20.
hxg4 Rf8 $14) 20. Qh4 $18 Kg7 21. Bxg6 Kxg6 22. gxf5+ Kg7 23. e4 dxe4 24. Ncxe4
Qxd4+ 25. Kh1 Nf8 26. Nxf6 Qxf6 {[%tqu "En","","","","e1e7","",10]} 27. Re7+ $3
1-0

[Event "Tata Steel-B 74th"]
[Site "Wijk aan Zee"]
[Date "2012.01.24"]
[Round "9"]
[White "Potkin, Vladimir"]
[Black "Bruzon Batista, Lazaro"]
[Result "0-1"]
[WhiteElo "2684"]
[BlackElo "2691"]
[Annotator "Let's Check Training"]
[PlyCount "62"]
[EventDate "2012.01.14"]
[EventType "tourn"]
[EventRounds "13"]
[EventCountry "NED"]
[EventCategory "15"]
[SourceTitle "CBM 147"]
[Source "ChessBase"]
[SourceDate "2012.03.16"]
[SourceVersion "1"]
[SourceVersionDate "2012.03.16"]
[SourceQuality "1"]

1. d4 Nf6 2. c4 e6 3. Nf3 Bb4+ 4. Bd2 a5 5. g3 d6 6. Bg2 Nbd7 7. O-O e5 8. e3
c6 9. Bc1 e4 10. a3 exf3 11. Bxf3 Bc5 12. dxc5 Nxc5 13. b3 O-O 14. Nd2 Bh3 15.
Bg2 Bxg2 16. Kxg2 d5 17. Qc2 Nfe4 18. Rb1 Qe7 19. cxd5 cxd5 20. b4 axb4 21.
axb4 Nxd2 22. Bxd2 Ne4 23. Rbd1 Qe6 24. h4 Rfc8 25. Qd3 Ra2 26. Be1 $2 (26. f3
Rc3 27. Qe2 $17) 26... Qg4 $19 27. Kg1 Rcc2 28. Qxd5 {[%tqu "En","","","",
"g4g3","",10]} Qxg3+ $1 29. Kh1 Qxh4+ 30. Kg1 Qg4+ 31. Kh1 Ng3+ 0-1